| 000 | 00373 a2200145 4500 | ||
|---|---|---|---|
| 005 | 20250606062401.0 | ||
| 020 | _a81-259-0638-X | ||
| 082 | _a TEA. LECT 658.15 PAN | ||
| 100 | _aPANDEY, I. M. | ||
| 245 | _aFinancial Management. | ||
| 250 | _a8th Ed | ||
| 260 |
_aNew Delhi, _bVikas, _c2004. |
||
| 300 |
_axxiv, 1226p.: ill.; figure, table _bIndex _c24cm. |
||
| 942 |
_2ddc _cBKS |
||
| 999 |
_c3263 _d3263 |
||